Statistics for EU - everyone who is, was, wanted to join, resigned

Click here to take the quiz!

General Stats

  • This quiz has been taken 77 times
    (50 since last reset)
  • The average score is 37 of 44

Answer Stats

HintAnswer% Correct
in the process of resigningUnited Kingdom
97%
memberEstonia
95%
memberFrance
95%
resigned in 1985Greenland
95%
memberIreland
95%
memberSweden
95%
memberCzech Republic
92%
memberDenmark
92%
memberFinland
92%
memberGreece
92%
memberHungary
92%
memberNetherlands
92%
people voted against govt applyingNorway
92%
memberPortugal
92%
memberRomania
92%
memberSpain
92%
memberAustria
89%
memberLatvia
89%
memberLuxembourg
89%
memberPoland
89%
memberSlovakia
89%
memberSlovenia
89%
applying since the 1980sTurkey
89%
memberBelgium
86%
memberCroatia
86%
memberGermany
86%
memberLithuania
86%
applying since the 2000sMontenegro
86%
applying since the 2000sAlbania
84%
memberBulgaria
84%
application withdrawnIceland
84%
memberItaly
84%
applying since the 2000sSerbia
84%
pursuing membershipUkraine
84%
association agreement aiming for candidacyKosovo
81%
applying since the 2000sNorth Macedonia
81%
applying since the 2010sBosnia and Herzegovina
78%
memberMalta
78%
memberCyprus
76%
application withdrawnSwitzerland
76%
pursuing membershipMoldova
62%
pursuing membershipGeorgia
59%
application declinedMorocco
54%
resigned at independence, 1962Algeria
38%

Score Distribution

Percentile by Number Answered

Percent of People with Each Score

Your Score History

You have not taken this quiz since the last reset